00966 a2200217 4500003000500000005001700005010001600022020002800038040000900066082001200075100002100087245008600108250001400194260005500208300004000263505032900303650003500632700002100667700002800688700003200716Nust20221108125801.0 a 95009049 a0133209121 (alk. paper) cNust00a511.KOL1 aKolman, Bernard,10aDiscrete mathematical structures.cBernard Kolman, Robert C. Busby & Sharon Ross. a 5th ed. aUpper Saddle River, N.J. :bPrentice Hall,cc1996. axvii, 524 p. :bcol. ill. ;c25 cm. a Fundamentals (Page-1), Logic (Page-50), Counting (Page-78), Relations and Digraphs (Page-110), Functions (Page-168), Order Relations and Structures (Page-200), Trees (Page-254), Topics in Graph Theory (Page-290), Semigroups and Groups (Page-329),Languages and Finite-State Machines (Page-372), Groups and Coding (Page-416). 0aComputer sciencexMathematics.1 aBusby, Robert C.1 aKolman, Bernard,d1932-1 aRoss, Sharon Cutler,d1943-